Score 0/18 Timer 03:00
2 Plays Today
Song Missing Word % Correct
When a Man _____ a WomanLoves
96.1%
These _____ Are Made for Walkin'Boots
96%
_____ VibrationsGood
94.8%
We Can _____ It OutWork
93.8%
_____ PankyHanky
92.9%
The Sound of _____Silence
92.5%
Paint It _____Black
91.2%
Strangers in the _____Night
88.8%
Ballad of the _____ BeretsGreen
88.1%
Song Missing Word % Correct
_____, MondayMonday
86%
I'm a _____Believer
83.4%
_____ ThingWild
82.9%
Paperback _____Writer
81%
You Keep Me _____ OnHangin'
80.2%
Summer in the _____City
78.5%
You Can't _____ LoveHurry
75.2%
Poor Side of _____Town
65.2%
_____ Out I'll Be ThereReach
48.7%

Today's Daily Dose

Remove Ads.
Support Sporcle.
Get the best of Sporcle when you Go Orange. This ad-free experience offers more features, more stats, and more fun while also helping to support Sporcle. Thank you for becoming a member.

You're not logged in!

Compare scores with friends on all Sporcle quizzes.
OR
Log In

Show Comments

Extras

Top Quizzes Today


Score Distribution

Your Account Isn't Verified!

In order to create a playlist on Sporcle, you need to verify the email address you used during registration. Go to your Sporcle Settings to finish the process.

Report this User

Report this user for behavior that violates our Community Guidelines.

Details: